[Event "Mechanics' Winter TNM; G/2"]
[Site "San Francisco"]
[Date "2017.01.24"]
[Round "4.29"]
[White "Maser, Thomas"]
[Black "Allen, Tom Carter"]
[Result "1-0"]
[WhiteElo "1959"]
[BlackElo "1420"]
[Annotator "Donaldson"]
[PlyCount "47"]
[EventDate "2017.??.??"]

1. e4 e5 2. Nf3 Nc6 3. Bb5 f5 4. d3 Nf6 5. Nc3 Bc5 6. O-O O-O 7. Be3 d6 8. Bxc5
dxc5 9. Bxc6 bxc6 10. Nxe5 fxe4 11. dxe4 Qe8 12. f4 Ba6 13. Rf2 Rd8 14. Qf3 Rd4
15. Re1 Nh5 16. g3 g5 17. Qg4 Kh8 18. Nf3 gxf4 19. Nxd4 cxd4 20. Nd1 $6 (20.
Ne2) 20... Rg8 21. Qh3 $2 {Diagram [#]} (21. Qf5 fxg3 22. hxg3 Nxg3 23. Qf6+)
21... fxg3 (21... Bc8 $1 22. Qh4 (22. Qf1 fxg3 23. hxg3 Nxg3 24. Qd3 Ne2+ 25.
Kf1 Qh5 {wins}) 22... Rg4 {winning.}) 22. Rf5 Bc8 $2 {
The right idea, but one move too late.} (22... gxh2+ 23. Kxh2 Ng3 $11) 23. Qxh5
gxh2+ 24. Kxh2 1-0

[Event "Mechanics' Winter TNM; G/2"]
[Site "San Francisco"]
[Date "2017.02.14"]
[Round "7.13"]
[White "Maser, Thomas"]
[Black "Delgado, David"]
[Result "0-1"]
[WhiteElo "1959"]
[BlackElo "1603"]
[Annotator "Donaldson"]
[PlyCount "88"]
[EventDate "2017.??.??"]

1. e4 c5 2. Nf3 d6 3. d4 cxd4 4. Nxd4 Nf6 5. Nc3 g6 6. Bc4 Bg7 7. h3 O-O 8. Be3
Nc6 9. Bb3 Bd7 10. O-O Qa5 11. Qd2 Qh5 (11... Nxe4 $5 12. Nxc6 Nxd2 13. Nxa5
Nxf1 14. Kxf1) (11... Nxd4 12. Qxd4 (12. Bxd4 $2 Nxe4 $1) 12... Ng4 13. Qd5
Qxd5 14. Nxd5 Nxe3 15. Nxe7+ Kh8 16. fxe3 Rae8 17. Nd5 Bxb2 $15) 12. Nde2 Qa5
13. Rad1 Ne5 14. f4 Nc6 15. Bd5 Rac8 16. Bxc6 Bxc6 17. Nd5 Qd8 18. Nec3 Nxd5
19. exd5 Bxc3 20. bxc3 Bb5 21. Rf2 Qa5 22. Bd4 Qxa2 23. f5 Qxd5 24. Qh6 e5 25.
fxe6 f6 26. Re1 Qg5 27. Qxg5 fxg5 28. Bxa7 Rxf2 29. Kxf2 Rxc3 30. Bb8 Rxc2+ 31.
Ke3 d5 32. Kd4 Re2 33. Rxe2 Bxe2 34. Kxd5 b5 35. Bd6 Bc4+ 36. Ke5 Kg7 37. g3 h5
38. Be7 Bf1 39. h4 gxh4 40. gxh4 Bd3 41. Bb4 Bc4 42. Kd6 Kf6 43. Bc3+ Kf5 44.
e7 Bf7 {Black later won this drawn position. Remaining moves unavailable.} 0-1

[Event "Mechanics' Winter TNM; G/2"]
[Site "San Francisco"]
[Date "2017.01.10"]
[Round "2.28"]
[White "Maser, Thomas"]
[Black "Stearman, Josiah"]
[Result "0-1"]
[WhiteElo "1959"]
[BlackElo "2311"]
[Annotator "Donaldson"]
[PlyCount "106"]
[EventDate "2017.??.??"]

1. e4 c5 2. Nf3 Nc6 3. d4 cxd4 4. Nxd4 Nf6 5. Nc3 e5 6. Nb3 Bb4 7. Bd3 d5 8.
exd5 Nxd5 9. O-O Nxc3 10. bxc3 Bxc3 11. Rb1 Bb4 12. Qh5 Be6 13. a3 Be7 14. Rd1
Qc7 15. Be4 h6 16. Bb2 O-O 17. Bxc6 Qxc6 18. Bxe5 Bxb3 19. Rxb3 Rad8 20. Rdb1
Qxc2 21. Rxb7 Rd5 22. f4 f6 23. Qg4 Qc5+ 24. Kh1 fxe5 25. Qe6+ Rf7 26. Rxe7
Qxe7 27. Qxd5 exf4 28. Rb8+ Kh7 29. Qd3+ g6 30. Qc3 Rg7 31. h3 Qe6 32. Qb4 f3
33. Qf8 fxg2+ 34. Kxg2 g5 35. Re8 Qd5+ 36. Kh2 h5 37. Qf6 g4 38. hxg4 Qd2+ 39.
Kh1 Qd1+ 40. Kh2 Qxg4 41. Qf2 Qg6 42. Rf8 Rc7 43. Qf5 Rc2+ 44. Kh3 Rc3+ 45. Kh4
Qxf5 46. Rxf5 Rxa3 47. Rxh5+ Kg6 48. Re5 a5 49. Kg4 a4 50. Kf4 Ra1 51. Ra5 a3 {
Diagram [#]} 52. Ke3 $4 {White has defended well, but now, with a draw in
sight, fatigue takes its toll. White needs to know how to draw if Black's pawn
is on a3 or a2. The latter is easy to deal with as White need only keep his
rook on the a-file to confine the Black rook on a1. Almost important the White
king needs to stay on g2 and h2 to avoid the trick that occurs in the game.
When Black's king reaches b3 White checks on the b-file and then returns with
the rook to the a-file. Black makes it tougher on White by leaving the pawn on
a3 keeping a2 free for his king. In this case defending by keeping the rook on
the a-file does not work as Black's king makes it to a2 freeing his rook.
White's king is much far away and he loses. The correct way to defend,
discovered over 100 years ago by Vancura, is to put the White rook on his
third rank, again tying down Black's rook. When Black's king reaches b4 White
checks repeatedly preventing Black's rook from being freed.} (52. Kf3 a2 (52...
Kf6 53. Kg2 Ke6 54. Rg5 (54. Ra8 Kd6 55. Ra7 Kc5 56. Ra8 Kb4 57. Rb8+ Kc3 58.
Ra8 Kb2 59. Rb8+ Ka2 60. Kf2 Rb1 61. Rh8 Kb2 62. Rb8+ Ka1 63. Ra8 a2 64. Ke3
Kb2 65. Rb8+ Kc2 66. Rc8+ Kb3 67. Rb8+ Kc4 {wins}) 54... Kd6 55. Rg3 Kc5 (55...
a2 56. Ra3) (55... Ra2+ 56. Kg1 Kc5 57. Rf3 Kb4 58. Rf4+ Kb3 59. Rf3+ Kb2 60.
Rf2+ Kb1 61. Rf1+ $11) 56. Rf3 Kb4 57. Rf4+ Kb3 58. Rf3+ Kb2 59. Rf2+) 53. Kg2)
(52. Kg3 a2 53. Kg2) 52... a2 53. Kd2 Rg1 0-1

[Event "Mechanics' Spring TNM; G/2"]
[Site "San Francisco"]
[Date "2017.03.21"]
[Round "2.23"]
[White "Maser, Thomas F"]
[Black "Enkh, Tergelsar"]
[Result "1-0"]
[WhiteElo "1920"]
[BlackElo "1447"]
[Annotator "Donaldson"]
[PlyCount "42"]
[EventDate "2017.??.??"]

1. e4 e5 2. Nf3 Nc6 3. Bb5 a6 4. Ba4 Nf6 5. d3 b5 6. Bb3 h6 7. O-O d5 8. exd5
Nxd5 9. Re1 Bg4 {Diagram [#]} 10. h3 (10. Nxe5 $1) 10... Bh5 11. g4 Bg6 12.
Nxe5 Nxe5 13. Rxe5+ Ne7 14. Qf3 Rc8 15. Bd5 Qd6 16. Bf4 Rd8 17. Bc6+ Rd7 18.
Nc3 Kd8 19. Bxd7 Qxd7 20. Rae1 f6 21. Rxe7 Bxe7 1-0

[Event "Mechanics' Fall TNM; G/2 d5"]
[Site "San Francisco"]
[Date "2017.12.05"]
[Round "7.5"]
[White "Maser, Thomas F"]
[Black "Gaffagan, Steven"]
[Result "0-1"]
[WhiteElo "1945"]
[BlackElo "2070"]
[PlyCount "51"]
[EventDate "2017.??.??"]

1. e4 c5 2. Nf3 d6 3. d4 cxd4 4. Nxd4 Nf6 5. Nc3 a6 6. Be2 e6 7. Be3 Be7 8. O-O
Nc6 9. Qd2 Qc7 10. f4 O-O 11. a4 Rb8 12. Bf3 Bd7 13. Qf2 b6 14. g4 Nxd4 15.
Bxd4 Bc6 16. Rad1 Qb7 17. Rfe1 b5 18. axb5 axb5 19. g5 Nd7 20. Qg2 Rfe8 21. Re3
e5 22. f5 exd4 23. Rxd4 Ne5 24. f6 Bf8 25. Nd5 Bxd5 26. exd5 0-1

[Event "Mechanics' Peter Grey TNM; G/2 d5"]
[Site "San Francisco"]
[Date "2017.09.05"]
[Round "5.7"]
[White "Maser, Thomas F"]
[Black "Goins, Demetrius"]
[Result "0-1"]
[WhiteElo "1921"]
[BlackElo "2144"]
[PlyCount "96"]
[EventDate "2017.??.??"]

1. e4 e5 2. Nf3 Nc6 3. Bb5 a6 4. Ba4 Nf6 5. d3 d6 6. c3 Be7 7. h3 O-O 8. O-O b5
9. Bb3 Na5 10. Bc2 c5 11. Re1 Qc7 12. Nbd2 Bb7 13. Nf1 Rac8 14. Ne3 g6 15. Bd2
c4 16. Ng4 Nxg4 17. hxg4 cxd3 18. Bxd3 Nc4 19. Bxc4 Qxc4 20. Qe2 Qxe2 21. Rxe2
f5 22. gxf5 gxf5 23. Bh6 fxe4 24. Bxf8 exf3 25. Bxe7 fxe2 26. f3 Kf7 27. Bh4 b4
28. Be1 bxc3 29. bxc3 Bd5 30. Kf2 Rb8 31. Kxe2 Rb2+ 32. Bd2 Bxa2 33. g3 a5 34.
Rh1 Bb1 35. Rh4 Bc2 36. f4 a4 37. fxe5 dxe5 38. Rb4 Bb3 39. Rb7+ Kg6 40. Ra7
Rb1 41. Ke3 Ra1 42. Kd3 Rg1 43. Ke4 Rxg3 44. Ra6+ Kg7 45. Ra7+ Kf6 46. Ra6+ Be6
47. c4 Rg4+ 48. Kd3 Rd4+ 0-1

[Event "Mechanics' Summer TNM; G/2 d5"]
[Site "San Francisco"]
[Date "2017.06.27"]
[Round "6.8"]
[White "Maser, Thomas F"]
[Black "Goins, Demetrius"]
[Result "1/2-1/2"]
[WhiteElo "1900"]
[BlackElo "2139"]
[PlyCount "100"]
[EventDate "2017.??.??"]

1. e4 e5 2. Nf3 Nc6 3. Bb5 a6 4. Ba4 Nf6 5. d3 b5 6. Bb3 Bc5 7. c3 O-O 8. O-O
d5 9. Nbd2 Bb6 10. h3 Re8 11. Re1 h6 12. a4 Rb8 13. exd5 Nxd5 14. Ne4 Be6 15.
c4 bxc4 16. Bxc4 Ndb4 17. Be3 Bxc4 18. dxc4 Qxd1 19. Raxd1 Nc2 20. Re2 Nxe3 21.
fxe3 f5 22. Nc3 f4 23. Nd5 fxe3 24. Nxb6 Rxb6 25. Rd3 Reb8 26. Rdxe3 Nd4 27.
Rd2 Rxb2 28. Rxb2 Rxb2 29. Rxe5 Ne2+ 30. Kf1 Ng3+ 31. Kg1 Ne2+ 32. Kf1 Nf4 33.
Re8+ Kf7 34. Rc8 c5 35. Rc6 a5 36. Ra6 Nxg2 37. Rxa5 Ne3+ 38. Kg1 Nxc4 39. Rxc5
Ne3 40. a5 Rg2+ 41. Kh1 Ra2 42. Nd4 g6 43. Nc6 Nf5 44. Nb4 Rb2 45. Nc6 Nh4 46.
a6 Nf3 47. Ne5+ Nxe5 48. Rxe5 Ra2 49. Rb5 Rxa6 50. Kg2 Kf6 1/2-1/2

[Event "Mechanics' Summer TNM; G/2 d5"]
[Site "San Francisco"]
[Date "2017.07.18"]
[Round "8.12"]
[White "Maser, Thomas F"]
[Black "Gurovich, Roman"]
[Result "1-0"]
[WhiteElo "1900"]
[BlackElo "1679"]
[Annotator "Donaldson"]
[PlyCount "83"]
[EventDate "2017.??.??"]

1. e4 c5 2. Nf3 d6 3. d4 cxd4 4. Nxd4 Nc6 5. Nc3 e5 6. Nb3 h6 7. Be3 Nf6 8. Be2
Be6 9. f4 Ng4 10. Bxg4 Qh4+ 11. Bf2 Qxg4 12. f5 Qxd1+ 13. Rxd1 Bc4 14. Nd2 Ba6
15. Nd5 Rc8 16. c4 b5 17. cxb5 Bxb5 18. Rc1 Be7 19. Be3 Bg5 20. Kf2 Bxe3+ 21.
Kxe3 f6 22. Nf3 Kf7 23. Rhd1 Na5 24. b3 Rxc1 25. Rxc1 Rd8 26. a4 Nxb3 27. Rc7+
Bd7 28. Rxa7 Ke8 29. Nb6 Nc5 30. a5 Bc6 31. Nd2 Nd7 32. Ndc4 Nc5 33. Nd2 Nd7
34. Rc7 Bb5 35. Ndc4 Bxc4 36. Nxc4 Ra8 37. Rxd7 Kxd7 38. Nb6+ Kc6 39. Nxa8 Kb5
(39... Kb7 40. Kd3 Kxa8 41. Kc4 Kb7 42. Kd5) 40. Nc7+ Kxa5 41. Ne8 Kb6 42. Nxd6
1-0

[Event "Mechanics' Fall TNM; G/2 d5"]
[Site "San Francisco"]
[Date "2017.11.21"]
[Round "5.14"]
[White "Maser, Thomas F"]
[Black "MacIntyre, Brendan"]
[Result "1-0"]
[WhiteElo "1945"]
[BlackElo "1560"]
[Annotator "Donaldson"]
[PlyCount "63"]
[EventDate "2017.??.??"]

1. e4 c5 2. Nf3 Nc6 3. d4 cxd4 4. Nxd4 Nf6 5. Nc3 g6 6. Bc4 Bg7 7. Bb3 d6 (7...
Nxe4 8. Nxc6 Bxc3+ 9. bxc3 dxc6 10. Qf3 Nf6 11. Bh6) 8. h3 Bd7 9. Be3 O-O 10.
O-O Rc8 11. Re1 a6 12. f3 b5 13. Qd2 Re8 14. Qf2 Ne5 15. Rad1 Nc4 16. Bc1 Rc5
17. f4 Qc8 $2 (17... e5) 18. Re2 Na5 $2 {Diagram [#]} (18... e5 $1) 19. e5 $1
Nxb3 20. Nxb3 Rxc3 21. bxc3 dxe5 22. fxe5 Nh5 23. g4 Bxg4 24. hxg4 Qxg4+ 25.
Qg2 Qe6 26. Nd4 Qc4 27. Qc6 Qxc6 28. Nxc6 Ng3 29. Red2 Kf8 30. Rd8 Ne2+ 31. Kf2
Nxc3 32. Rxe8+ 1-0

[Event "Mechanics' Spring TNM; G/2"]
[Site "San Francisco"]
[Date "2017.04.18"]
[Round "6.14"]
[White "Maser, Thomas F"]
[Black "Mays, Jerry L"]
[Result "1-0"]
[WhiteElo "1920"]
[BlackElo "1804"]
[PlyCount "97"]
[EventDate "2017.??.??"]

1. e4 e5 2. Nf3 Nc6 3. Bb5 a6 4. Ba4 Nf6 5. d3 Be7 6. c3 O-O 7. Bxc6 dxc6 8.
Nxe5 Bd6 9. Nc4 Ng4 10. Nxd6 Qxd6 11. h3 Ne5 12. d4 Qg6 13. dxe5 Qxg2 14. Ke2
Bxh3 15. Rxh3 Qxh3 16. Qd3 Qh5+ 17. Qf3 Qxe5 18. Qf4 Qb5+ 19. Ke1 Rfe8 20. Nd2
f5 21. a4 Qd5 22. f3 fxe4 23. Nxe4 Rad8 24. Be3 Qd3 25. Bd4 c5 26. Bxc5 b6 27.
Bd4 c5 28. Be5 Rxe5 29. Qxe5 Qe3+ 30. Kf1 Qxf3+ 31. Nf2 Rf8 32. Qh2 Qd3+ 33.
Kg1 Qe2 34. Rd1 Qxb2 (34... Rxf2 $4 35. Rd8+ Kf7 36. Qxf2+) 35. Qg3 Qb3 36. Rd7
g6 37. Qc7 Rf7 38. Rxf7 Qxf7 39. Qxb6 Qc4 40. Qb8+ Kg7 41. Qc7+ Kh6 42. Qe5
Qxa4 43. Qxc5 g5 44. Qe3 a5 45. Qe6+ Kh5 46. Qf7+ Kh4 47. Qxh7+ Kg3 48. Qh3+
Kf4 49. Qg4+ 1-0

[Event "Mechanics' Spring TNM; G/2"]
[Site "San Francisco"]
[Date "2017.05.02"]
[Round "8.14"]
[White "Maser, Thomas F"]
[Black "Newey, Richard"]
[Result "1-0"]
[WhiteElo "1920"]
[BlackElo "1721"]
[PlyCount "41"]
[EventDate "2017.??.??"]

1. e4 e5 2. Nf3 f5 3. d3 Nc6 4. c3 Nf6 5. Qc2 Bc5 6. Be2 fxe4 7. dxe4 d6 8. O-O
Bg4 9. Nbd2 a6 10. Qb3 b5 11. Ng5 d5 12. Bxg4 Nxg4 13. Ndf3 Na5 14. Qc2 Nc6 15.
Ne6 Qe7 16. exd5 Nd8 17. Qe4 Nxf2 18. Rxf2 Nxe6 19. dxe6 Rd8 20. Qc6+ Kf8 21.
Bg5 1-0

[Event "Mechanics' Summer TNM; G/2 d5"]
[Site "San Francisco"]
[Date "2017.06.06"]
[Round "3.4"]
[White "Maser, Thomas F"]
[Black "O'Connor, Derek"]
[Result "0-1"]
[WhiteElo "1900"]
[BlackElo "2270"]
[Annotator "Donaldson"]
[PlyCount "86"]
[EventDate "2017.??.??"]

1. e4 e5 2. Nf3 Nc6 3. d4 exd4 4. Nxd4 Bc5 5. Nxc6 Qf6 6. Qf3 Qxf3 7. gxf3 dxc6
8. Be3 Bxe3 9. fxe3 Be6 10. Nd2 Ne7 11. Rg1 g6 12. Rd1 Rd8 13. Bd3 c5 14. Kf2
f6 15. h4 Kf7 16. h5 Nc6 17. a3 Rhg8 18. f4 Ke7 19. Nf3 Rdf8 20. Rg3 c4 21. Be2
g5 22. Nd4 Nxd4 23. Rxd4 c5 24. Rd2 h6 25. c3 Rd8 26. Rxd8 Rxd8 27. Ke1 b5 28.
e5 Rg8 29. exf6+ Kxf6 30. fxg5+ Rxg5 31. Rxg5 Kxg5 32. a4 Bg4 33. Bf1 a6 34.
axb5 axb5 35. Bg2 Bxh5 36. Bc6 b4 37. cxb4 $2 (37. Bd5) 37... cxb4 38. Bd5 c3
39. bxc3 bxc3 40. Be4 Bg6 41. Bf3 c2 42. Kd2 Bd3 43. e4 Kf4 0-1

[Event "Mechanics' Spring TNM; G/2"]
[Site "San Francisco"]
[Date "2017.04.04"]
[Round "4.21"]
[White "Maser, Thomas F"]
[Black "Ricard, Bruce"]
[Result "1/2-1/2"]
[WhiteElo "1920"]
[BlackElo "1545"]
[PlyCount "126"]
[EventDate "2017.??.??"]

1. e4 c6 2. d4 d5 3. Nc3 dxe4 4. Nxe4 Bf5 5. Ng3 Bg6 6. Nf3 Nd7 7. Bd3 e6 8.
O-O Ngf6 9. Re1 Be7 10. b3 Bb4 11. Bd2 Bxd2 12. Qxd2 O-O 13. Bxg6 hxg6 14. c4
Qc7 15. Rad1 Rad8 16. Qg5 Rfe8 17. Qh4 e5 18. dxe5 Nxe5 19. Ng5 Qa5 20. N3e4
Ned7 21. Re2 Nf8 22. Rde1 Nxe4 23. Nxe4 Nh7 24. f3 Qc7 25. c5 Qd7 26. Nd6 Rxe2
27. Rxe2 Nf6 28. Qe1 Nd5 29. a3 b6 30. b4 a5 31. cxb6 Qxd6 32. Re8+ Rxe8 33.
Qxe8+ Kh7 34. b7 Nc7 35. Qxf7 Na6 36. Qc4 Nb8 37. bxa5 Qd1+ 38. Kf2 Qd2+ 39.
Kg3 Qg5+ 40. Kf2 Qd2+ 41. Kg3 Qxa5 42. Qb4 Qxb4 43. axb4 Kg8 44. Kf4 Kf7 45.
Kg5 Nd7 46. h4 Nb8 47. g4 Nd7 48. Kf4 Kf6 49. Ke4 Ke6 50. f4 Kd6 51. f5 gxf5+
52. Kxf5 Kc7 53. Kg6 Ne5+ 54. Kxg7 Nxg4 55. Kf7 Kxb7 56. Ke6 Kb6 57. h5 Kb5 58.
Kd6 Nh6 59. Kd7 Nf7 60. Kc7 Nh6 61. Kd7 Nf7 62. Kc7 Nh6 63. Kd7 Nf7 1/2-1/2

[Event "Mechanics' Peter Grey TNM; G/2 d5"]
[Site "San Francisco"]
[Date "2017.10.03"]
[Round "9.17"]
[White "Maser, Thomas F"]
[Black "Simpkins, Jerry"]
[Result "1-0"]
[WhiteElo "1921"]
[BlackElo "1553"]
[Annotator "Donaldson"]
[PlyCount "71"]
[EventDate "2017.??.??"]

1. e4 e5 2. Nf3 f5 3. Nxe5 Qe7 4. d4 d6 5. Nc4 fxe4 6. Nc3 Nf6 7. Bg5 c6 8. Be2
d5 9. Ne5 Nbd7 10. Bh5+ g6 11. Bxg6+ hxg6 12. Nxg6 Qg7 13. Bxf6 Nxf6 14. Nxh8
Qxh8 15. Qe2 Bh6 16. f3 Bf5 17. fxe4 dxe4 18. O-O Qh7 19. Qf2 Ng4 20. Qg3 Be3+
21. Kh1 Bxd4 $4 (21... O-O-O $1 22. Rad1 Nxh2 $1 23. Qxh2 Rh8 {wins.}) 22. Nxe4
Be5 {Diagram [#]} 23. Qxe5+ $1 Nxe5 24. Nf6+ Ke7 25. Nxh7 Bxh7 26. Rae1 Kd6 27.
Rf6+ Kd5 28. Re2 Rg8 29. h3 Be4 30. b3 Ng6 31. Kh2 Ke5 32. Rf7 b5 33. Rxa7 Kd4
34. Rd7+ Bd5 35. g3 Ne5 $2 36. c3+ 1-0

[Event "Mechanics' Fall TNM; G/2 d5"]
[Site "San Francisco"]
[Date "2017.12.19"]
[Round "9.5"]
[White "Maser, Thomas F"]
[Black "Traub, Igor"]
[Result "0-1"]
[WhiteElo "1945"]
[BlackElo "2162"]
[Annotator "Donaldson"]
[PlyCount "32"]
[EventDate "2017.??.??"]

1. e4 e5 2. Nf3 Nc6 3. Bb5 Nf6 4. O-O Be7 5. c3 a6 6. Ba4 b5 7. Bb3 d6 8. d4
O-O 9. Re1 Bg4 10. Bd5 $6 (10. d5) (10. Be3) 10... Qd7 11. Be3 exd4 12. cxd4
Nxd5 13. exd5 Nb4 14. Nc3 $2 (14. Qb3 Bxf3 15. gxf3 a5 16. a3 Na6 17. Nd2)
14... Bxf3 15. gxf3 Qf5 16. Qb3 Nc2 0-1

[Event "Mechanics' Summer TNM; G/2 d5"]
[Site "San Francisco"]
[Date "2017.05.23"]
[Round "1.24"]
[White "Maser, Thomas F"]
[Black "Valente, Marty J"]
[Result "1-0"]
[WhiteElo "1900"]
[BlackElo "1334"]
[PlyCount "47"]
[EventDate "2017.??.??"]

1. e4 c5 2. Nf3 d6 3. d4 cxd4 4. Nxd4 Nf6 5. Nc3 e5 6. Nb3 Be6 7. Be2 Be7 8. f4
a6 9. f5 Bd7 10. O-O Bc6 11. Bf3 O-O 12. Qe1 Nbd7 13. Be3 Nb6 14. Rd1 d5 15.
exd5 Nbxd5 16. Nxd5 Nxd5 17. c4 Qc7 18. Bxd5 Bf6 19. Nd2 Rad8 20. Ne4 Be7 21.
Qg3 Bxd5 22. f6 g6 23. fxe7 Qxe7 24. Nf6+ 1-0

[Event "Mechanics' Fall TNM; G/2 d5"]
[Site "San Francisco"]
[Date "2017.10.31"]
[Round "2.16"]
[White "Maser, Thomas F"]
[Black "Yamamoto, Craig"]
[Result "1-0"]
[WhiteElo "1945"]
[BlackElo "1588"]
[Annotator "Donaldson"]
[PlyCount "71"]
[EventDate "2017.??.??"]

1. e4 e5 2. Nf3 Nc6 3. Bb5 d6 4. d3 a6 5. Ba4 b5 6. Bb3 Na5 7. O-O Nxb3 8. axb3
Be7 9. Nc3 Bb7 10. Re1 Nf6 11. Ne2 O-O 12. Ng3 g6 13. c3 Kg7 14. Qe2 Ng8 15. d4
f6 16. Be3 c5 17. dxc5 dxc5 18. Rad1 Qc7 19. Nh4 f5 $5 20. exf5 $5 (20. Nhxf5+
gxf5 21. Nxf5+ Kh8 22. f3) 20... Bxh4 21. fxg6 hxg6 22. Qg4 Be7 23. Rd7 Qc6 24.
Nh5+ Kh7 (24... Kf7 $1 {would have cast doubt on White's piece sacrifice.}) 25.
Bg5 (25. Nf4 exf4 26. Qh4+ Nh6 27. Rxe7+ Kg8 28. f3 Qf6) 25... Rae8 (25... Bc8
$1) 26. Rxe5 Rf7 27. Nf4 Kg7 28. Nd5 (28. Bxe7) 28... Qc8 (28... Bxg5) 29. Nxe7
Rfxe7 30. Bxe7 Rxe7 31. Rdxe7+ Nxe7 32. Rxe7+ Kf6 33. Qxc8 Bxc8 34. Rc7 Be6 35.
Rxc5 Bxb3 36. Rc6+ 1-0

[Event "Mechanics' Peter Grey TNM; G/2 d5"]
[Site "San Francisco"]
[Date "2017.09.19"]
[Round "7.12"]
[White "Maser, Thomas F"]
[Black "Yanofsky, Kevin"]
[Result "0-1"]
[WhiteElo "1921"]
[BlackElo "1771"]
[Annotator "Donaldson"]
[PlyCount "62"]
[EventDate "2017.??.??"]

1. e4 c5 2. Nf3 g6 3. d4 cxd4 4. Nxd4 Nc6 5. Nc3 Bg7 6. Be3 Nf6 7. Bc4 O-O 8.
Bb3 a5 9. f3 d5 10. exd5 Nb4 11. Ndb5 a4 12. Bc4 Bf5 13. Nd4 Bc8 (13... Qc7 $1
14. Qe2 (14. Nxf5 gxf5 15. Be2 a3) 14... Rfc8 15. a3 Nxc2+ 16. Nxc2 Bxc2 17.
Ba2 Bb3 18. Bxb3 axb3 19. O-O Qa5 20. Rfd1 (20. d6 $17) 20... Rxc3 $1 $44) 14.
Ndb5 Bf5 15. Rc1 Rc8 16. Qe2 (16. b3) 16... Nxc2+ 17. Rxc2 Bxc2 18. Na7 Rxc4 (
18... Qc7 19. Nxc8 Rxc8 20. Qxc2 Qxc4 21. Qxa4 Qxa4 22. Nxa4 Nxd5) 19. Qxc4 Qa5
20. O-O Rd8 21. Nc8 Bf8 22. Nb6 Bf5 23. Nb5 Bd7 24. Nc3 Bf5 25. Rc1 Rd6 26. Nc8
Bxc8 27. Qxc8 Nxd5 28. Nxd5 Qxd5 29. Qa8 b5 30. Rc8 Qxa8 31. Rxa8 Kg7 {
Black went on to win. Remaining moves unavailable.} 0-1

[Event "Mechanics' Summer TNM; G/2 d5"]
[Site "San Francisco"]
[Date "2017.06.13"]
[Round "4.32"]
[White "Mathrubootham, Gan"]
[Black "Rakonitz, David"]
[Result "1-0"]
[WhiteElo "1393"]
[BlackElo "1750"]
[PlyCount "61"]
[EventDate "2017.??.??"]

1. e4 e6 2. d4 d5 3. exd5 exd5 4. Bd3 Bd6 5. Ne2 Ne7 6. O-O O-O 7. Bf4 Bf5 8.
Bxd6 Qxd6 9. Ng3 Bxd3 10. Qxd3 Nd7 11. Nd2 Rfe8 12. Rae1 Ng6 13. Re3 Rxe3 14.
fxe3 Nf6 15. e4 dxe4 16. Ndxe4 Nxe4 17. Nxe4 Qc6 18. Ng5 Rf8 19. Qb3 Nh8 20.
Rf4 Qg6 21. Ne4 b6 22. h3 Re8 23. Nf6+ gxf6 24. Rg4 Qxg4 25. hxg4 Re4 26. Qf3
Rxd4 27. Qxf6 Rd1+ 28. Kh2 Ng6 29. Qc6 Rd4 30. Qxc7 Rxg4 31. Qc8+ 1-0

[Event "Mechanics' Summer TNM; G/2 d5"]
[Site "San Francisco"]
[Date "2017.07.18"]
[Round "8.22"]
[White "Mathrubootham, Ganesh"]
[Black "Mays, Jerry L"]
[Result "1-0"]
[WhiteElo "1393"]
[BlackElo "1790"]
[PlyCount "61"]
[EventDate "2017.??.??"]

1. e4 e5 2. f4 exf4 3. Nf3 d6 4. Bc4 Be7 5. O-O Nf6 6. Nc3 O-O 7. d4 c6 8. Bxf4
Bg4 9. h3 Bxf3 10. Rxf3 b5 11. Bd3 b4 12. Ne2 Nh5 13. Be3 Nd7 14. Qd2 c5 15.
dxc5 Ne5 16. Rf5 g6 17. Rxh5 gxh5 18. Bh6 Re8 19. Bb5 dxc5 20. Qe3 Qb6 21. Bxe8
Rxe8 22. Rf1 Qg6 23. Rf5 f6 24. Bf4 Bd8 25. Bxe5 Rxe5 26. Rxe5 fxe5 27. Qb3+
Kg7 28. Qd5 Qf6 29. Ng3 Qg5 30. Qd7+ Kf8 31. Nxh5 1-0

[Event "Mechanics' Winter TNM; G/2"]
[Site "San Francisco"]
[Date "2017.02.14"]
[Round "7.17"]
[White "Mays, Jerry"]
[Black "Erickson, Lane"]
[Result "0-1"]
[WhiteElo "1804"]
[BlackElo "1648"]
[PlyCount "110"]
[EventDate "2017.??.??"]

1. e4 e5 2. Nf3 Nc6 3. Bb5 Nd4 4. Bc4 Nxf3+ 5. Qxf3 Nf6 6. Qb3 Qe7 7. Nc3 c6 8.
a4 d6 9. h3 Be6 10. Bxe6 fxe6 11. O-O d5 12. exd5 exd5 13. Re1 O-O-O 14. d3 Nd7
15. Nxd5 cxd5 16. Qxd5 Qd6 17. Qf7 Nf6 18. Be3 Rd7 19. Qc4+ Rc7 20. Qb5 a6 21.
Qa5 Qd5 22. Qd2 Bc5 23. b4 Bd4 24. Ra3 Bxe3 25. Qxe3 Qd4 26. Qxe5 Qxe5 27. Rxe5
Rxc2 28. b5 Re8 29. d4 axb5 30. Rxe8+ Nxe8 31. axb5 Nd6 32. b6 Kd7 33. Rg3 g6
34. Rf3 Rc1+ 35. Kh2 Re1 36. Rf8 Kc6 37. Rd8 Re8 38. d5+ Kxd5 39. Rd7 h5 40.
Rg7 Re6 41. g4 hxg4 42. hxg4 Kc6 43. f4 Ne8 44. Rg8 Nf6 45. Rxg6 Kxb6 46. Kh3
Kc5 47. Kg2 Rd6 48. g5 Ne4 49. Kf3 Rxg6 50. Kxe4 b5 51. Kf5 Rg8 52. g6 b4 53.
Kf6 b3 54. Kf7 Rxg6 55. Kxg6 b2 0-1

[Event "Mechanics' Winter TNM; G/2"]
[Site "San Francisco"]
[Date "2017.02.07"]
[Round "6.25"]
[White "Mays, Jerry"]
[Black "Malykin, Erika"]
[Result "1-0"]
[WhiteElo "1804"]
[BlackElo "1567"]
[Annotator "Donaldson"]
[PlyCount "59"]
[EventDate "2017.??.??"]

1. e4 c5 2. Nf3 Nc6 3. d4 cxd4 4. Nxd4 d6 5. Bc4 Nf6 6. Nc3 a6 7. Bb3 e6 8. O-O
Be7 9. Be3 Bd7 10. f3 O-O 11. Qd2 Na5 12. Qf2 Rc8 13. Nxe6 $5 {This looks like
it wins a pawn clear and simple, but things turn out to be more complicated as
they often do.} fxe6 14. Bb6 Qe8 15. Bxa5 Ng4 $1 16. Qb6 {Diagram [#]} (16. Qg3
) 16... Rc6 $2 (16... Nxh2 $1 17. Kxh2 Bd8 18. Qb4 Qh5+ {recovers the pawn.})
17. Qxb7 Bc8 18. Qa7 d5 19. Bb6 Nxh2 20. Nxd5 Nxf3+ 21. Rxf3 Bd6 22. Bd4 Bd7
23. Rxf8+ Kxf8 24. Rf1+ Kg8 25. Nf4 Bb8 26. Qb7 Bxf4 27. Rxf4 Rd6 28. c3 Kh8
29. e5 Bc6 30. Qf7 1-0

[Event "Mechanics' Winter TNM; G/2"]
[Site "San Francisco"]
[Date "2017.01.10"]
[Round "2.11"]
[White "Mays, Jerry"]
[Black "Uzzaman, Ashik"]
[Result "0-1"]
[WhiteElo "1804"]
[BlackElo "1974"]
[PlyCount "94"]
[EventDate "2017.??.??"]

1. d4 e6 2. c4 f5 3. Nc3 Nf6 4. Nf3 Be7 5. Bg5 O-O 6. e3 a5 7. Be2 Ne4 8. Bxe7
Qxe7 9. O-O d6 10. Qc2 Nxc3 11. bxc3 e5 12. dxe5 dxe5 13. e4 f4 14. Qb3 Nd7 15.
c5+ Kh8 16. Qd5 Re8 17. c6 Nc5 18. Rfd1 h6 19. Nxe5 Qxe5 20. Qxe5 Rxe5 21. Rd8+
Kh7 22. Bg4 Bxg4 23. Rxa8 b6 24. f3 Bh5 25. Rf8 Ne6 26. Rf5 Rc5 27. Rd1 Be8 28.
Rxc5 Nxc5 29. Rd8 Bxc6 30. Rf8 Ne6 31. Rf7 Kg6 32. Rf5 Bb7 33. g4 Ba6 34. h4
Bc4 35. a3 Kh7 36. Kf2 g6 37. Rf7+ Kg8 38. Re7 b5 39. Re8+ Kf7 40. Ra8 a4 41.
Rc8 c5 42. Rb8 Ke7 43. Rb7+ Kd6 44. Rh7 b4 45. cxb4 cxb4 46. Ra7 bxa3 47. Rxa4
a2 0-1